000 01092nam a2200289 i 4500
001 11965
003 KOSZ 005
005 20220713120451.0
008 070620s1969 pl f 001 0 pol
015 _aPB 1969/5589
040 _aWA N
_cKOSZ 005/KK
_dKOSZ 005/KK
080 _a327(430.1):001
100 1 _aSzłapczyński, Józef
_d(1914-1976).
_eAutor
245 1 0 _aNauka w służbie ekspansji i rewizjonizmu (Ostforschung) /
_cJózef Szłapczyński, Tadeusz Walichnowski.
260 _aWarszawa :
_bInterpress,
_c1969.
300 _a218, [1] s. ;
_c23 cm.
380 _aKsiążki.
490 1 _aFakty, Problemy, Opinie.
504 _aBibliogr. s.213219. Indeks.
650 4 _aNauka
_zNiemcy (Republika Federalna)
651 4 _aNiemcy (Republika Federalna)
_xpolityka.
700 1 _aWalichnowski, Tadeusz
_d(1928-2005).
710 _a"Interpress" (Warszawa)
_4pbl.
830 0 _aFakty, Problemy, Opinie.
856 _uhttp://koha.tu.koszalin.pl/cgi-bin/koha/opac-detail.pl?biblionumber=11965
_yKatalog online BPK
942 _2UKD
_cKS
999 _c11965
_d11965